وحدة وادي النيل / Waḥdat Wādī al-Nīl
محفوظ في:
المؤلف الرئيسي:
مؤلفون آخرون:
التنسيق: كتاب
اللغة: Undetermined
منشور في:
Cairo
matbaeat al'amiria
1947
الوسوم: إضافة وسم
لا توجد وسوم, كن أول من يضع وسما على هذه التسجيلة!
رقم الطلب: N33 WIHD
| LEADER | 00494nam a2200133Ia 4500 | ||
|---|---|---|---|
| 008 | 240404s9999||||xx |||||||||||||| ||und|| | ||
| 050 | 4 | |a N33 WIHD | |
| 100 | 1 | |a / taʼlīf majmūʻat kuttāb. | |
| 245 | 1 | 0 | |a وحدة وادي النيل / Waḥdat Wādī al-Nīl |c / taʼlīf majmūʻat kuttāb |
| 264 | 1 | |a Cairo |b matbaeat al'amiria |c 1947 | |
| 300 | |a 111 |b 16 PLATES |c 28 | ||
| 700 | 1 | |a taqdīm wa-murājaʻat D. ʻAbd al-Munʻim Maḥfūẓ., ʻAbd al-Munʻim Maḥfūẓ. | |
| 942 | |2 lcc |c BK | ||
| 999 | |c 57972 |d 57972 | ||
